[Event "DEM U18w 2023"]
[Site "Willingen GER"]
[Date "2023.06.03"]
[Round "9"]
[White "Kalina, Lena"]
[Black "Gossing, Marie-Sophie"]
[Result "1-0"]
[Termination "normal"]
[Board "11"]
[WhiteElo "1776"]
[BlackElo "1395"]
[WhiteClock "00:01:28"]
[BlackClock "00:00:34"]
[PlyCount "205"]
[WhiteFideId "12988014"]
[BlackFideId "16217284"]
[EventCountry "GER"]
[EventRounds "9"]
[EventType "swiss"]
[EventDate "2023.05.27"]

1. c4 {[%clk 01:30:58]} {[%emt 00:00:02]} Nf6 {[%clk 01:30:51]} {[%emt
00:00:09]} 2. Nc3 {[%clk 01:31:22]} {[%emt 00:00:06]} g6 {[%clk 01:31:11]}
{[%emt 00:00:10]} 3. g3 {[%clk 01:31:45]} {[%emt 00:00:07]} Bg7 {[%clk
01:31:33]} {[%emt 00:00:08]} 4. Bg2 {[%clk 01:32:10]} {[%emt 00:00:06]} O-O
{[%clk 01:31:50]} {[%emt 00:00:12]} 5. d3 {[%clk 01:32:17]} {[%emt 00:00:23]}
d6 {[%clk 01:29:24]} {[%emt 00:02:57]} 6. e4 {[%clk 01:32:01]} {[%emt
00:00:46]} c5 {[%clk 01:26:40]} {[%emt 00:03:14]} 7. Nge2 {[%clk 01:31:57]}
{[%emt 00:00:34]} e5 {[%clk 01:15:39]} {[%emt 00:11:31]} 8. O-O {[%clk
01:30:50]} {[%emt 00:01:36]} Na6 {[%clk 01:14:02]} {[%emt 00:02:07]} 9. a3
{[%clk 01:26:14]} {[%emt 00:05:07]} Bd7 {[%clk 01:08:42]} {[%emt 00:05:50]} 10.
Rb1 {[%clk 01:22:59]} {[%emt 00:03:44]} Nc7 {[%clk 01:05:25]} {[%emt 00:03:47]}
11. b4 {[%clk 01:20:13]} {[%emt 00:03:17]} b6 {[%clk 01:03:05]} {[%emt
00:02:50]} 12. f4 {[%clk 01:14:27]} {[%emt 00:06:16]} Nfe8 {[%clk 00:57:31]}
{[%emt 00:06:04]} 13. f5 {[%clk 01:10:41]} {[%emt 00:04:15]} g5 {[%clk
00:54:54]} {[%emt 00:03:07]} 14. Be3 {[%clk 01:06:33]} {[%emt 00:04:38]} h6
{[%clk 00:50:33]} {[%emt 00:04:51]} 15. Qd2 {[%clk 01:04:11]} {[%emt 00:02:52]}
Nf6 {[%clk 00:45:19]} {[%emt 00:05:44]} 16. h4 {[%clk 00:59:26]} {[%emt
00:05:15]} Ng4 {[%clk 00:44:58]} {[%emt 00:00:52]} 17. Bxg5 {[%clk 00:56:51]}
{[%emt 00:03:04]} hxg5 {[%clk 00:43:37]} {[%emt 00:01:51]} 18. hxg5 {[%clk
00:56:43]} {[%emt 00:00:38]} Nf6 {[%clk 00:35:40]} {[%emt 00:08:27]} 19. gxf6
{[%clk 00:51:49]} {[%emt 00:05:24]} Qxf6 {[%clk 00:34:32]} {[%emt 00:01:38]}
20. Rf3 {[%clk 00:42:56]} {[%emt 00:09:23]} Bh6 {[%clk 00:33:31]} {[%emt
00:01:31]} 21. Qe1 {[%clk 00:42:19]} {[%emt 00:01:06]} Bg5 {[%clk 00:26:58]}
{[%emt 00:07:03]} 22. Kf2 {[%clk 00:37:16]} {[%emt 00:05:33]} Kg7 {[%clk
00:25:02]} {[%emt 00:02:27]} 23. Ng1 {[%clk 00:32:37]} {[%emt 00:05:09]} Qh6
{[%clk 00:19:58]} {[%emt 00:05:34]} 24. Ke2 {[%clk 00:30:55]} {[%emt 00:02:12]}
Rh8 {[%clk 00:13:40]} {[%emt 00:06:49]} 25. Nh3 {[%clk 00:27:41]} {[%emt
00:03:43]} Bf6 {[%clk 00:11:30]} {[%emt 00:02:40]} 26. Nd1 {[%clk 00:15:24]}
{[%emt 00:12:47]} Rag8 {[%clk 00:10:21]} {[%emt 00:01:39]} 27. Ne3 {[%clk
00:12:41]} {[%emt 00:03:13]} Kf8 {[%clk 00:10:05]} {[%emt 00:00:46]} 28. Qf2
{[%clk 00:08:45]} {[%emt 00:04:26]} Ne8 {[%clk 00:07:52]} {[%emt 00:02:42]} 29.
Rh1 {[%clk 00:06:37]} {[%emt 00:02:38]} Qg7 {[%clk 00:07:40]} {[%emt 00:00:44]}
30. Nd5 {[%clk 00:06:04]} {[%emt 00:01:02]} Bc8 {[%clk 00:06:17]} {[%emt
00:01:54]} 31. Qe1 {[%clk 00:04:23]} {[%emt 00:02:12]} Bb7 {[%clk 00:06:25]}
{[%emt 00:00:22]} 32. Ne3 {[%clk 00:03:43]} {[%emt 00:01:10]} Be7 {[%clk
00:05:44]} {[%emt 00:01:11]} 33. Qd1 {[%clk 00:02:51]} {[%emt 00:01:21]} Nf6
{[%clk 00:05:47]} {[%emt 00:00:27]} 34. Qa4 {[%clk 00:02:16]} {[%emt 00:01:06]}
a6 {[%clk 00:06:00]} {[%emt 00:00:18]} 35. bxc5 {[%clk 00:02:22]} {[%emt
00:00:24]} dxc5 {[%clk 00:05:49]} {[%emt 00:00:41]} 36. Rb1 {[%clk 00:02:11]}
{[%emt 00:00:41]} Bd8 {[%clk 00:05:45]} {[%emt 00:00:34]} 37. Qc2 {[%clk
00:01:08]} {[%emt 00:01:33]} Ng4 {[%clk 00:05:30]} {[%emt 00:00:44]} 38. Nd5
{[%clk 00:00:40]} {[%emt 00:00:59]} Qh6 {[%clk 00:04:54]} {[%emt 00:01:06]} 39.
Qa4 {[%clk 00:00:42]} {[%emt 00:00:28]} Qd6 {[%clk 00:01:41]} {[%emt 00:03:43]}
40. Rh1 {[%clk 00:00:41]} {[%emt 00:00:32]} Nf6 {[%clk 00:01:01]} {[%emt
00:01:10]} 41. Ne3 {[%clk 00:26:11]} {[%emt 00:04:59]} Qd4 {[%clk 00:26:08]}
{[%emt 00:05:22]} 42. Qb3 {[%clk 00:24:01]} {[%emt 00:02:40]} Rg7 {[%clk
00:22:52]} {[%emt 00:03:47]} 43. Nf2 {[%clk 00:19:33]} {[%emt 00:04:57]} Rgh7
{[%clk 00:15:29]} {[%emt 00:07:52]} 44. Rxh7 {[%clk 00:18:57]} {[%emt
00:01:06]} Rxh7 {[%clk 00:15:14]} {[%emt 00:00:45]} 45. g4 {[%clk 00:18:03]}
{[%emt 00:01:25]} Nd7 {[%clk 00:13:09]} {[%emt 00:02:34]} 46. Nh3 {[%clk
00:16:58]} {[%emt 00:01:35]} Rg7 {[%clk 00:11:00]} {[%emt 00:02:38]} 47. Nf2
{[%clk 00:09:37]} {[%emt 00:07:51]} Bc6 {[%clk 00:10:44]} {[%emt 00:00:47]} 48.
Rh3 {[%clk 00:09:14]} {[%emt 00:00:51]} Bg5 {[%clk 00:08:56]} {[%emt 00:02:19]}
49. Nfd1 {[%clk 00:08:14]} {[%emt 00:01:30]} Rg8 {[%clk 00:08:13]} {[%emt
00:01:14]} 50. Nc3 {[%clk 00:07:42]} {[%emt 00:01:01]} Bxe3 {[%clk 00:06:56]}
{[%emt 00:01:47]} 51. Rxe3 {[%clk 00:07:36]} {[%emt 00:00:37]} Rxg4 {[%clk
00:07:20]} {[%emt 00:00:07]} 52. Bf1 {[%clk 00:06:12]} {[%emt 00:01:54]} Rh4
{[%clk 00:07:07]} {[%emt 00:00:42]} 53. Rg3 {[%clk 00:05:44]} {[%emt 00:00:58]}
Rf4 {[%clk 00:06:26]} {[%emt 00:01:11]} 54. Rg2 {[%clk 00:05:23]} {[%emt
00:00:51]} Rh4 {[%clk 00:06:08]} {[%emt 00:00:48]} 55. Nd1 {[%clk 00:04:26]}
{[%emt 00:01:26]} b5 {[%clk 00:05:40]} {[%emt 00:00:59]} 56. Ne3 {[%clk
00:03:34]} {[%emt 00:01:22]} Nf6 {[%clk 00:04:39]} {[%emt 00:01:31]} 57. Nc2
{[%clk 00:01:13]} {[%emt 00:02:52]} Qd7 {[%clk 00:04:35]} {[%emt 00:00:34]} 58.
Qc3 {[%clk 00:01:26]} {[%emt 00:00:18]} Qc7 {[%clk 00:04:24]} {[%emt 00:00:39]}
59. Ke1 {[%clk 00:01:01]} {[%emt 00:00:55]} a5 {[%clk 00:03:32]} {[%emt
00:01:22]} 60. cxb5 {[%clk 00:01:05]} {[%emt 00:00:26]} Bxb5 {[%clk 00:03:42]}
{[%emt 00:00:20]} 61. Ne3 {[%clk 00:01:13]} {[%emt 00:00:22]} Ke7 {[%clk
00:03:30]} {[%emt 00:00:42]} 62. Rb2 {[%clk 00:01:09]} {[%emt 00:00:33]} Ba6
{[%clk 00:02:46]} {[%emt 00:01:15]} 63. Nc4 {[%clk 00:01:08]} {[%emt 00:00:32]}
Bxc4 64. Qxc4 {[%clk 00:01:37]} Ng4 {[%clk 00:02:04]} {[%emt 00:00:46]} 65. Rb5
{[%clk 00:01:21]} {[%emt 00:00:46]} Rh2 {[%clk 00:01:49]} {[%emt 00:00:45]} 66.
Rxc5 {[%clk 00:01:29]} {[%emt 00:00:22]} Qb6 {[%clk 00:01:43]} {[%emt
00:00:36]} 67. Be2 {[%clk 00:00:31]} {[%emt 00:01:29]} Qb1+ {[%clk 00:00:46]}
{[%emt 00:01:25]} 68. Qc1 {[%clk 00:00:55]} {[%emt 00:00:07]} Rh1+ {[%clk
00:01:08]} {[%emt 00:00:09]} 69. Bf1 {[%clk 00:01:12]} {[%emt 00:00:14]} Qxc1+
{[%clk 00:01:07]} {[%emt 00:00:30]} 70. Rxc1 {[%clk 00:01:37]} {[%emt
00:00:03]} Ne3 {[%clk 00:01:32]} {[%emt 00:00:04]} 71. Ke2 {[%clk 00:01:55]}
{[%emt 00:00:13]} Ng4 {[%clk 00:01:35]} {[%emt 00:00:27]} 72. Kd2 {[%clk
00:01:38]} {[%emt 00:00:47]} Rh2+ {[%clk 00:01:22]} {[%emt 00:00:42]} 73. Be2
{[%clk 00:01:29]} {[%emt 00:00:39]} Kd6 {[%clk 00:01:09]} {[%emt 00:00:42]} 74.
Rc8 {[%clk 00:01:03]} {[%emt 00:00:56]} Nf6 {[%clk 00:00:48]} {[%emt 00:00:51]}
75. Ra8 {[%clk 00:01:11]} {[%emt 00:00:23]} Nd7 {[%clk 00:00:56]} {[%emt
00:00:21]} 76. Rxa5 {[%clk 00:01:29]} {[%emt 00:00:13]} Nc5 {[%clk 00:01:22]}
{[%emt 00:00:04]} 77. Ke1 {[%clk 00:00:53]} {[%emt 00:01:06]} Rh1+ {[%clk
00:01:40]} {[%emt 00:00:12]} 78. Kf2 {[%clk 00:01:04]} {[%emt 00:00:19]} Rh2+
{[%clk 00:01:24]} {[%emt 00:00:45]} 79. Kf1 {[%clk 00:01:23]} {[%emt 00:00:11]}
Rh1+ {[%clk 00:01:34]} {[%emt 00:00:21]} 80. Kg2 {[%clk 00:01:47]} {[%emt
00:00:05]} Ra1 {[%clk 00:01:58]} {[%emt 00:00:07]} 81. Ra8 {[%clk 00:01:49]}
{[%emt 00:00:28]} Ra2 {[%clk 00:01:39]} {[%emt 00:00:49]} 82. Kf3 {[%clk
00:02:15]} {[%emt 00:00:05]} Nb3 {[%clk 00:01:56]} {[%emt 00:00:11]} 83. Ke3
{[%clk 00:02:10]} {[%emt 00:00:36]} Nd4 {[%clk 00:02:10]} {[%emt 00:00:18]} 84.
Bd1 {[%clk 00:01:09]} {[%emt 00:01:30]} Ra1 {[%clk 00:02:16]} {[%emt 00:00:24]}
85. Kd2 {[%clk 00:01:25]} {[%emt 00:00:14]} Kc5 {[%clk 00:02:01]} {[%emt
00:00:45]} 86. Bh5 {[%clk 00:00:58]} {[%emt 00:00:57]} Ra2+ {[%clk 00:01:55]}
{[%emt 00:00:37]} 87. Kc1 {[%clk 00:01:17]} {[%emt 00:00:10]} f6 {[%clk
00:01:24]} {[%emt 00:01:01]} 88. Bf7 {[%clk 00:01:32]} {[%emt 00:00:15]} Rc2+
{[%clk 00:01:00]} {[%emt 00:00:53]} 89. Kb1 {[%clk 00:01:48]} {[%emt 00:00:14]}
Rd2 {[%clk 00:01:07]} {[%emt 00:00:24]} 90. Bc4 {[%clk 00:01:59]} {[%emt
00:00:20]} Ne2 {[%clk 00:00:50]} {[%emt 00:00:45]} 91. a4 {[%clk 00:01:53]}
{[%emt 00:00:35]} Nc3+ {[%clk 00:00:36]} {[%emt 00:00:45]} 92. Kc1 {[%clk
00:02:07]} {[%emt 00:00:18]} Rf2 {[%clk 00:00:34]} {[%emt 00:00:30]} 93. a5
{[%clk 00:02:03]} {[%emt 00:00:35]} Rf1+ {[%clk 00:00:33]} {[%emt 00:00:30]}
94. Kc2 {[%clk 00:02:05]} {[%emt 00:00:30]} Na4 {[%clk 00:00:31]} {[%emt
00:00:32]} 95. Kb3 {[%clk 00:01:06]} {[%emt 00:01:28]} Ra1 {[%clk 00:00:36]}
{[%emt 00:00:25]} 96. Rf8 {[%clk 00:00:42]} {[%emt 00:00:55]} Kd4 {[%clk
00:00:42]} {[%emt 00:00:24]} 97. a6 {[%clk 00:00:58]} {[%emt 00:00:16]} Nc5+
{[%clk 00:01:02]} {[%emt 00:00:08]} 98. Kb2 {[%clk 00:00:48]} {[%emt 00:00:43]}
Ra5 {[%clk 00:00:53]} {[%emt 00:00:37]} 99. Rxf6 {[%clk 00:00:34]} {[%emt
00:00:44]} Nxd3+ {[%clk 00:00:48]} {[%emt 00:00:35]} 100. Bxd3 {[%clk
00:01:00]} {[%emt 00:00:04]} Kxd3 {[%clk 00:01:12]} {[%emt 00:00:06]} 101. Rb6
{[%clk 00:00:45]} {[%emt 00:00:45]} Kxe4 {[%clk 00:01:06]} {[%emt 00:00:35]}
102. f6 {[%clk 00:01:08]} {[%emt 00:00:10]} Kf5 {[%clk 00:00:34]} {[%emt
00:01:00]} 103. f7 {[%clk 00:01:28]} {[%emt 00:00:10]} 1-0

[Event "DEM U18w 2023"]
[Site "Willingen GER"]
[Date "2023.06.03"]
[Round "9"]
[White "Avetyan, Manan"]
[Black "Foltin, Alica"]
[Result "1-0"]
[Termination "normal"]
[Board "12"]
[WhiteElo "1368"]
[BlackElo "1540"]
[WhiteClock "00:01:16"]
[BlackClock "00:30:52"]
[PlyCount "69"]
[WhiteFideId "16244737"]
[BlackFideId "34606920"]
[EventCountry "GER"]
[EventRounds "9"]
[EventType "swiss"]
[EventDate "2023.05.27"]

1. Nf3 {[%clk 01:30:58]} {[%emt 00:00:01]} Nf6 {[%clk 01:30:51]} {[%emt
00:00:10]} 2. g3 {[%clk 01:31:23]} {[%emt 00:00:04]} g6 {[%clk 01:31:11]}
{[%emt 00:00:11]} 3. Bg2 {[%clk 01:31:47]} {[%emt 00:00:06]} Bg7 {[%clk
01:31:38]} {[%emt 00:00:03]} 4. d3 {[%clk 01:31:57]} {[%emt 00:00:22]} d6
{[%clk 01:28:42]} {[%emt 00:03:23]} 5. e4 {[%clk 01:28:13]} {[%emt 00:04:14]}
Nbd7 {[%clk 01:26:34]} {[%emt 00:02:37]} 6. O-O {[%clk 01:27:23]} {[%emt
00:01:20]} O-O {[%clk 01:25:30]} {[%emt 00:01:34]} 7. Re1 {[%clk 01:26:24]}
{[%emt 00:01:29]} e5 {[%clk 01:25:22]} {[%emt 00:00:39]} 8. Nbd2 {[%clk
01:20:26]} {[%emt 00:06:28]} h6 {[%clk 01:22:40]} {[%emt 00:03:11]} 9. c3
{[%clk 01:09:01]} {[%emt 00:11:56]} Nh7 {[%clk 01:15:19]} {[%emt 00:07:51]} 10.
d4 {[%clk 00:59:30]} {[%emt 00:10:01]} c6 {[%clk 01:10:12]} {[%emt 00:05:36]}
11. Nf1 {[%clk 00:50:03]} {[%emt 00:09:58]} f5 {[%clk 01:07:49]} {[%emt
00:02:53]} 12. exf5 {[%clk 00:37:55]} {[%emt 00:12:37]} gxf5 {[%clk 01:07:43]}
{[%emt 00:00:36]} 13. dxe5 {[%clk 00:34:17]} {[%emt 00:04:09]} dxe5 {[%clk
01:07:40]} {[%emt 00:00:32]} 14. Nh4 {[%clk 00:30:29]} {[%emt 00:04:18]} Nc5
{[%clk 01:04:33]} {[%emt 00:03:37]} 15. Ng6 {[%clk 00:26:08]} {[%emt 00:04:51]}
Qxd1 {[%clk 01:03:56]} {[%emt 00:01:07]} 16. Rxd1 {[%clk 00:26:33]} {[%emt
00:00:06]} Re8 {[%clk 01:03:59]} {[%emt 00:00:26]} 17. Ne3 {[%clk 00:21:10]}
{[%emt 00:05:54]} Ng5 {[%clk 00:58:23]} {[%emt 00:06:04]} 18. h4 {[%clk
00:14:28]} {[%emt 00:07:13]} Nf7 {[%clk 00:58:21]} {[%emt 00:00:32]} 19. h5
{[%clk 00:14:37]} {[%emt 00:00:22]} e4 {[%clk 00:58:22]} {[%emt 00:00:28]} 20.
Bh3 {[%clk 00:14:09]} {[%emt 00:00:59]} Ng5 {[%clk 00:56:47]} {[%emt 00:02:04]}
21. Bxf5 {[%clk 00:13:56]} {[%emt 00:00:44]} Nf3+ {[%clk 00:54:12]} {[%emt
00:03:04]} 22. Kg2 {[%clk 00:14:23]} Bxf5 {[%clk 00:52:53]} {[%emt 00:01:52]}
23. Nxf5 {[%clk 00:14:50]} Kh7 {[%clk 00:48:32]} {[%emt 00:04:54]} 24. Be3
{[%clk 00:13:38]} Nd3 {[%clk 00:47:42]} {[%emt 00:03:02]} 25. Rxd3 {[%clk
00:07:26]} exd3 {[%clk 00:44:05]} {[%emt 00:10:50]} 26. Kxf3 {[%clk 00:07:53]}
{[%emt 00:00:02]} Rad8 {[%clk 00:42:36]} {[%emt 00:01:58]} 27. Rd1 {[%clk
00:07:44]} {[%emt 00:00:40]} b6 {[%clk 00:40:30]} {[%emt 00:02:36]} 28. Bd4
{[%clk 00:03:55]} {[%emt 00:04:19]} Bxd4 {[%clk 00:39:33]} {[%emt 00:01:27]}
29. Nxd4 {[%clk 00:04:08]} {[%emt 00:00:18]} c5 {[%clk 00:39:32]} {[%emt
00:00:30]} 30. Nc6 {[%clk 00:04:32]} {[%emt 00:00:07]} Rd6 {[%clk 00:36:50]}
{[%emt 00:03:12]} 31. Nce5 {[%clk 00:03:20]} {[%emt 00:01:42]} Rf6+ {[%clk
00:35:06]} {[%emt 00:02:13]} 32. Kg2 {[%clk 00:03:16]} c4 {[%clk 00:34:38]}
{[%emt 00:01:32]} 33. Nxc4 {[%clk 00:02:35]} Re2 {[%clk 00:34:06]} {[%emt
00:02:13]} 34. Nf4 {[%clk 00:02:59]} Rc2 {[%clk 00:30:52]} {[%emt 00:03:50]}
35. Nxd3 {[%clk 00:01:16]} 1-0